000 nam a22 7a 4500
999 _c126487
_d126487
008 170524b xxu||||| |||| 00| 0 eng d
050 _aHD1699.S6
245 _aDefining and mainstreaming environmental sustainability in water resources management
_bDefining and mainstreaming in Southern Africa
_c/ SADC
260 _aMaseru
_bSADC
_c2002
300 _axviii, 318p. ;
_c28cm.
650 _aWater resources
_xAfrica, Southern
_931002
700 _aSADC
_928892
710 _aIUCN
_931664
710 _aSARDC
_929549
942 _2lcc
_cMONOGRAPH